| 000 | 00568nam a2200193Ia 4500 | ||
|---|---|---|---|
| 003 | OSt | ||
| 005 | 20251118151720.0 | ||
| 008 | 210210b1946 xxu||||| |||| 00| 0 eng d | ||
| 040 | _cAL | ||
| 041 | _aKannada | ||
| 082 | _a851/8 | ||
| 100 |
_aAMBIKATANAYADATTA _9133737 _dಅಂಬಿಕಾತನಯದತ್ತ |
||
| 245 |
_aMurti mattu kamakasturi _bಮೂರ್ತಿ ಮತ್ತು ಕಾಮಕಸ್ತೂರಿ |
||
| 260 |
_aBengaluru _b- _c1946 |
||
| 650 |
_aDa Ra Bendre _9133743 |
||
| 690 |
_aKannada Poetry _9133738 |
||
| 906 | _a018025 | ||
| 942 |
_2ddc _cBK |
||
| 999 |
_c141157 _d141157 |
||